| 000 | 00375nam a2200133 i 4500 | ||
|---|---|---|---|
| 001 | bg | ||
| 245 | 0 |
_aDictionnaire technique illustre en six langues. _nCh. 4, _pProcedes et materiel d'execution des ouvragee - planches. |
|
| 260 |
_aBruxelles, _c[1959]. |
||
| 040 | _cBPK | ||
| 041 | _apol | ||
| 080 | _a62(03)=00 | ||
| 942 | _cKS | ||
| 008 | s pl f |000 0 pol | ||
| 999 |
_c19658 _d19658 |
||